<?xml version="1.0" encoding="UTF-8"?>
<record
    xmlns:xsi="http://www.w3.org/2001/XMLSchema-instance"
    xsi:schemaLocation="http://www.loc.gov/MARC21/slim http://www.loc.gov/standards/marcxml/schema/MARC21slim.xsd"
    xmlns="http://www.loc.gov/MARC21/slim">

  <leader>02210nam a2200277Ia 4500</leader>
  <controlfield tag="003">OSt</controlfield>
  <controlfield tag="005">20211026090241.0</controlfield>
  <controlfield tag="008">210310s1982    ck     fr     000 0 spa d</controlfield>
  <datafield tag="020" ind1=" " ind2=" ">
    <subfield code="a">9682302641</subfield>
  </datafield>
  <datafield tag="040" ind1=" " ind2=" ">
    <subfield code="a">CO-JMCR</subfield>
    <subfield code="c">CO-JMCR</subfield>
  </datafield>
  <datafield tag="041" ind1="0" ind2=" ">
    <subfield code="a">spa</subfield>
  </datafield>
  <datafield tag="082" ind1="0" ind2="4">
    <subfield code="a">330.122 /</subfield>
    <subfield code="b">B199c</subfield>
    <subfield code="2">23</subfield>
  </datafield>
  <datafield tag="100" ind1="1" ind2=" ">
    <subfield code="a">Bambirra, Vania, </subfield>
    <subfield code="9">17829</subfield>
    <subfield code="e">autor</subfield>
  </datafield>
  <datafield tag="245" ind1="1" ind2="3">
    <subfield code="a">El capitalismo dependiente latinoamericano / </subfield>
    <subfield code="c">por Vania Bambirra</subfield>
  </datafield>
  <datafield tag="250" ind1=" " ind2=" ">
    <subfield code="a">Octava edicion</subfield>
  </datafield>
  <datafield tag="260" ind1=" " ind2=" ">
    <subfield code="a">Bogot&#xE1; : </subfield>
    <subfield code="b">Siglo XXI, </subfield>
    <subfield code="c">1982</subfield>
  </datafield>
  <datafield tag="300" ind1=" " ind2=" ">
    <subfield code="a">viii, 180 p&#xE1;ginas ; </subfield>
    <subfield code="c">18 cm.</subfield>
  </datafield>
  <datafield tag="500" ind1=" " ind2=" ">
    <subfield code="a">Incluye notas a pie de p&#xE1;gina.</subfield>
  </datafield>
  <datafield tag="505" ind1="0" ind2=" ">
    <subfield code="a">Hac&#xED;a una tipolog&#xED;a de la dependencia (industrializaci&#xF3;n y estructura socioecon&#xF3;mica) -- Las estructuras dependientes en la fase de la integraci&#xF3;n monop&#xF3;lica mundial -- Contradicciones del capitalismo dependiente</subfield>
  </datafield>
  <datafield tag="520" ind1="3" ind2=" ">
    <subfield code="a">Durante los &#xFA;ltimo a&#xF1;os el esfuerzo te&#xF3;rico-anal&#xED;tico realizado por los investigadores sociales en Am&#xE9;rica Latina se ha centrado en la b&#xFA;squeda del enfoques metodol&#xF3;gicos que permitan aprehender de manera global la problem&#xE1;tica de la regi&#xF3;n, as&#xED; como superar las tempranas ideol&#xF3;gicas que la ciencia social burguesa y la propia realidad del subcontinente le tienden a la investigaci&#xF3;n social cr&#xED;tica. El avance ha sido importante en lo que se refiere al an&#xE1;lisis concreto de las contradicciones internas de las sociedades latinoamericanas, concebidas como parte de la totalidad que las determina: el sistema internacional capitalista. Sin embargo, el tr&#xE1;nsito del enfoque metodol&#xF3;gico y global al de las especificidades hist&#xF3;ricas y estructurales se encuentra todav&#xED;a en proceso, tanto por lo que toca o elaboraciones concretas como a la necesaria revaloraci&#xF3;n cr&#xED;tica de los conceptos elaborados a nivel general. El capitalismo dependiente latinoamericano tiene precisamente como objeto contribuir a acelerar este tr&#xE1;nsito, pasando de las cuestiones te&#xF3;ricas generales al estudio de las manifestaciones hist&#xF3;ricas espec&#xED;ficas y del proceso de cambio de las estructuras dependientes.</subfield>
  </datafield>
  <datafield tag="650" ind1="1" ind2="4">
    <subfield code="a">Capitalismo</subfield>
    <subfield code="9">17831</subfield>
  </datafield>
  <datafield tag="650" ind1="2" ind2="4">
    <subfield code="a">Imperialismo</subfield>
    <subfield code="9">37179</subfield>
  </datafield>
  <datafield tag="650" ind1="2" ind2="4">
    <subfield code="a">Desarrollo econ&#xF3;mico</subfield>
    <subfield code="9">41290</subfield>
  </datafield>
  <datafield tag="650" ind1="2" ind2="4">
    <subfield code="a">Industrializaci&#xF3;n</subfield>
    <subfield code="9">37399</subfield>
  </datafield>
  <datafield tag="942" ind1=" " ind2=" ">
    <subfield code="2">ddc</subfield>
    <subfield code="c">BK</subfield>
  </datafield>
  <datafield tag="999" ind1=" " ind2=" ">
    <subfield code="c">8630</subfield>
    <subfield code="d">8630</subfield>
  </datafield>
  <datafield tag="952" ind1=" " ind2=" ">
    <subfield code="0">0</subfield>
    <subfield code="1">0</subfield>
    <subfield code="2">ddc</subfield>
    <subfield code="4">0</subfield>
    <subfield code="7">0</subfield>
    <subfield code="8">NFIC</subfield>
    <subfield code="a">CPL</subfield>
    <subfield code="b">CPL</subfield>
    <subfield code="d">2018-04-15</subfield>
    <subfield code="e">Donaci&#xF3;n</subfield>
    <subfield code="o">330.122 / B199c</subfield>
    <subfield code="p">201811740</subfield>
    <subfield code="r">2024-05-16 00:00:00</subfield>
    <subfield code="t">Ej.1</subfield>
    <subfield code="y">BK</subfield>
  </datafield>
</record>
